Countries closest to Argentina A-Z - Statistics

General Stats
  • This quiz has been taken 263 times
    217 since last reset
  • The average score is 19 of 24
Answer Stats
Hint Answer % Correct
B Bolivia / Brazil
99%
C Chile
98%
P Paraguay
98%
U Uruguay
97%
E Ecuador
91%
G Guyana
90%
V Venezuela
90%
Y Yemen
89%
D Dominica
86%
Z Zambia
86%
F France
84%
O Oman
84%
N Nicaragua
83%
S Suriname
83%
H Haiti
82%
Q Qatar
82%
J Jamaica
80%
M Mexico
80%
A Antigua & Barbuda
76%
T Trinidad & Tobago
76%
K Kiribati
57%
I Ireland
53%
L Liberia
42%
R Republic of the Congo
14%
No matching quizzes found
Score Distribution
Percent of People with Each Score
Percentile by Number Answered
Your Score History
You have not taken this quiz since the last reset